Ultima, the last things, in reference to the first & middle things, or, Certain meditations on life, death, judgement, hell, right purgatory, and heaven /

Bibliographic Details
Main Author: Ambrose, Isaac, 1604-1664
Format: Microform Book
Language:English
Series:Early English books, 1641-1700 ; 883:16.
Subjects:

MARC

Tag First Indicator Second Indicator Subfields
LEADER 00000cam a2200000 a 4500
001 in00000964530
005 20150927073548.0
007 hd afv|||baca
008 850624s1659 miu a 00010 eng d
035 |a (OCoLC)12192566 
035 |9 AEV3294AM 
037 |a CL0037000028  |b UMI 
037 |b University Microfilms International, 300 N. Zeeb Rd., Ann Arbor, MI 48106 
040 |a EAA  |c EAA  |d UMI  |d UtOrBLW 
049 |a TXAI 
099 |a film   |a  B   |a  3609 
100 1 |a Ambrose, Isaac,  |d 1604-1664. 
245 1 0 |a Ultima, the last things, in reference to the first & middle things, or, Certain meditations on life, death, judgement, hell, right purgatory, and heaven /  |c delivered by Isaac Ambrose ... 
264 3 |a London :  |b Printed by E.M. for Nathanael Webb and William Grantham ...,  |c 1659. 
300 |a 8 unnumbered pages, 232 pages 
336 |a text  |b txt  |2 rdacontent 
337 |a microform  |b h  |2 rdamedia 
338 |a microfilm reel  |b hd  |2 rdacarrier 
500 |a Reproduction of original in Eton College Library. 
510 4 |a Wing  |c A2972 
533 |a Microfilm.  |b Ann Arbor, Mich. :  |c University Microfilms International,  |d 1978.  |e 1 microfilm reel ; 35 mm.  |f (Early English books, 1641-1700 ; 883:16) 
500 |a Microform. 
650 0 |a Eschatology. 
650 0 |a Future life. 
650 0 |a Purgatory. 
740 0 |a Ultima, the last things, in reference to the first & middle things. 
740 0 |a Certain meditations on life, death, judgement, hell. 
830 0 |a Early English books, 1641-1700 ;  |v 883:16. 
999 |a MARS 
999 f f |s 4ebdae3c-b06b-3cfd-b611-d42ba61cd874  |i 9a1adad4-bd36-319b-9610-e4cc004235ee  |t 0 
952 f f |p default  |a Texas A&M University  |b College Station  |c Sterling C. Evans Library  |d Evans: Microforms (3rd floor)  |t 0  |e film B 3609 883:16  |h Other scheme  |i microform -- microfilm reel 
998 f f |a film B 3609 883:16  |t 0  |l Evans: Microforms (3rd floor)